Catalog

Record Details

Catalog Search



Twelve bright trumpets / by Margaret Leighton ; ... Read More

Dobias, Frank,(illustrator.).

Available copies

  • 1 of 1 copy available at LARL/NWRL Consortium.

Current holds

0 current holds with 1 total copy.

Show Only Available Copies
Location Call Number / Copy Notes Barcode Shelving Location Status Due Date
Red Lake Falls Public Library j LEI (Text) 35500006815516 Main Available -

Record details

  • ISBN: 9781955402033
  • ISBN: 1955402035
  • Physical Description: 200 pages : illustrations, maps ; 22 cm
  • Publisher: Lake Ariel, PA : Hillside Education, 2021.

Content descriptions

Summary, etc.:
Twelve short stories of the important events in ... Read More
Subject: Middle Ages > Juvenile fiction.
Middle Ages.
Genre: Fiction.
Historical fiction.
Juvenile works.
Short stories.
Short stories.
Historical fiction.
LDR 01545cam a2200397 i 4500
001447480
003LARL_NWRL_CONSORTIUM
00520241007123221.0
008211206s2021 paua c 000 j eng d
040 . ‡aNTG ‡beng ‡erda ‡cNTG ‡dOCLCF ‡dOCLCO ‡dOCLCQ
020 . ‡a9781955402033 ‡q(paperback)
020 . ‡a1955402035 ‡q(paperback)
035 . ‡a(OCoLC)1287392690
08204. ‡a813 ‡qOCoLC
1001 . ‡aLeighton, Margaret, ‡eauthor.
24510. ‡aTwelve bright trumpets / ‡cby Margaret Leighton ; illustrated by Frank Dobias.
264 1. ‡aLake Ariel, PA : ‡bHillside Education, ‡c2021.
300 . ‡a200 pages : ‡billustrations, maps ; ‡c22 cm
336 . ‡atext ‡btxt ‡2rdacontent
337 . ‡aunmediated ‡bn ‡2rdamedia
338 . ‡avolume ‡bnc ‡2rdacarrier
520 . ‡aTwelve short stories of the important events in Medieval history told through the eyes of young people who lived in those times.
650 0. ‡aMiddle Ages ‡vJuvenile fiction.
650 7. ‡aMiddle Ages. ‡2fast ‡0(LARL_NWRL_CONSORTIUM)25696
655 7. ‡aFiction. ‡2fast
655 7. ‡aHistorical fiction. ‡2fast
655 7. ‡aJuvenile works. ‡2fast
655 7. ‡aShort stories. ‡2fast
655 7. ‡aShort stories. ‡2lcgft
655 7. ‡aHistorical fiction. ‡2lcgft
7001 . ‡aDobias, Frank, ‡eillustrator.
901 . ‡a447480 ‡bAUTOGEN ‡c447480 ‡tbiblio

Additional Resources